000 00549 a2200193 4500
020 _a0072132604
035 _a(OCoLC)ocm47888713
040 _aDLC
_bDLC
082 0 0 _a005.8
100 1 _aErbschloe, Michael,
245 1 0 _aInformation warfare : how to survive cyber attacks
_cMichael Erbschloe.
260 _aNew York :
_bOsborne/McGraw-Hill,
_cc2001.
300 _axx, 315 p. ;
_c24 cm.
500 _aIncludes index.
650 0 _aInformation warfare.
650 0 _aCyberterrorism.
650 0 _aComputer crimes.
942 _cBK
_k005.8 ERB
_2ddc
999 _c6627
_d6627